000 01068nam0a22003371 4500
001 v19\rc\1707425
005 20061002163451.8
035 _a(NLR Aleph) 004842998
090 _a4842053
_c4842053
100 _a20061002d1899 |||y0rusy50 ca
101 1 _arus
_cfre
102 _aRU
105 _ay z |||||
200 1 _aЗастенчивость и ее лечение
_d(La timidite)
_fПроф. А. [!Л.] Дюга
_gПер. с фр. д-ра В.К. Андреева
_zfre
210 _aСанкт-Петербург
_cВ.И. Губинский
_d1899
215 _a111 с.
_d20
510 0 _a(La timidite)
_zfre
700 1 _6z01790
_aДюга
_bЛ.
_f1857-
_gЛуи
702 1 _aАндреев
_bВ. К.
_4730
790 1 _6z01700
_aДюга
_bА.
_f1857-
_gА.[!]
801 0 _aRU
_bNLR
_gpsbo
801 0 _aRU
_bRuMoRGB
_2psbo
801 1 _aRU
_bProSoft-M
_2rusmarc
852 _aNLR
_j20.60.3.388
852 _aNLR
_j129/5707
852 _aNLR
_bМф
_jК1/28843
899 _aRuMoRGB
_jS 33/624
899 _aБАН
899 _aГПИБ
942 _cBOOK
980 _aNB